000 00786nas a2200241 4500
001 BR9209698
003 BR-BrBNA
005 20231205093320.0
007 ta
008 230509b bl.|||p| |||| 00| 00por d
040 _aBR-BrBNA
_bpor
_cBiblioteca Nacional de Agricultura
041 _a(Pt)
072 _aH20
100 1 _aCarvalho, Y. de
100 1 _aCarvalho, C.G. de S. e
245 1 _aComportamento do fungo Colletotrichum gossypii South. var. cephalosporioides Costa em substrato com diferentes fontes de carbono
650 _aFUNGO
650 _aCARBONO
650 _aINCUBACAO
773 0 _tAnais da Escola de Agronomia e Veterinaria (Brazil)
_xISSN 0100-218X
_g(1972), v. 2(1) p. 35-43
_wBR9209698
909 _a202311
_bLúcia
_c55
_dLúcia Elande
942 _2AGRIS
_n0
_cANA
999 _c137486
_d137486